[Event "Manikyanagar Chanchal Dad Memorial"]
[Site "Manikyanagar"]
[Date "2024.07.27"]
[Round "8"]
[White "Dave, Kantilal"]
[Black "Milind, Parle"]
[Result "0-1"]
[WhiteElo "1814"]
[BlackElo "1652"]
[PlyCount "88"]
[EventDate "2024.07.24"]
[EventType "swiss"]
[EventRounds "9"]
[EventCountry "IND"]
[SourceTitle "EXT 2025"]
[Source "ChessBase"]
[SourceDate "2024.10.14"]
[SourceVersion "1"]
[SourceVersionDate "2024.10.14"]
[SourceQuality "1"]

1. c4 Nf6 2. Nf3 e6 3. e3 d5 4. Be2 c5 5. d4 Nc6 6. 0-0 dxc4 7. Bxc4 cxd4 8. exd4 Be7 9. Nc3 0-0 10. h3 a6 11. a4 Nb4 12. Qe2 Qa5 13. Bf4 Rd8 14. Rfd1 Nfd5 15. Nxd5 Nxd5 16. Bd2 Bb4 17. Bxd5 Rxd5 18. Bxb4 Qxb4 19. Rdc1 Bd7 20. Rc4 Qd6 21. Qc2 Rd8 22. Rc1 g6 23. b4 Bc6 24. Ne5 Be8 25. Nf3 Kg7 26. a5 Bb5 27. Rc5 f6 28. Rxd5 Qxd5 29. Qc5 Rd7 30. Qc8 Bc6 31. Qb8 Qd6 32. Qa7 Bxf3 33. gxf3 Qxb4 34. Rc8 Qxa5 35. Qb8 Kh6 36. Re8 Qg5+ 37. Kh1 Qf5 38. Kg2 Rxd4 39. Re7 Qg5+ 40. Qg3 Qxg3+ 41. Kxg3 b5 42. Rxe6 a5 43. Rb6 b4 44. Ra6 Rd5 0-1